| 000 | 00361nam a22001571a 4500 | ||
|---|---|---|---|
| 020 | _a9788185469911 | ||
| 082 |
_aH301 _bMAN/J |
||
| 100 | _aManohar Kajal | ||
| 245 |
_aJalpaakhi/ _cby Manohar Kajal |
||
| 260 |
_aHariyana: _bAadhar, _c1997. |
||
| 300 | _a160p. | ||
| 650 | _aStories Hindi | ||
| 650 | _aLiterature Hindi | ||
| 650 | _aLiterature | ||
| 942 | _cBK | ||
| 999 |
_c21421 _d21421 |
||